| 000 | 00628nam a2200241 a 4500 | ||
|---|---|---|---|
| 001 | nice12345678 | ||
| 003 | IN_TiNIC | ||
| 005 | 20260116013138.0 | ||
| 008 | 050524s1982 lona grp 000 0 eng | ||
| 020 |
_a _c250 |
||
| 082 | 0 | 0 |
_a297.4 _bNEW |
| 100 | _aNew Research, | ||
| 245 | _aNew Research on Current Philosophical System | ||
| 260 |
_aLondon _bOctagon Press _c1982 |
||
| 300 | _a36p | ||
| 500 | _aincludes index and biblioraphy | ||
| 505 | 2 | _aEnglish Rendering Muhammad Akbnar Muradpuri, Abul Aziz Kamal | |
| 650 | _aSufism | ||
| 700 | 1 | _aNew Research, | |
| 902 | _bSRS | ||
| 942 | _cBK | ||
| 999 |
_c9851 _d9851 |
||